Регионална библиотека "Любен Каравелов" - Русе

Ни пуха ни пера (Запис номер 348293)

MARC детайли
000 -Лидер
Контролно поле с фиксирана дължина nam a22 a 4500
003 - Код на организацията, давaща контролен номер
Контролно поле BLK
005 - Дата и час на последна редакция
Контролно поле 20201007140600.0
008 - Елементи от данни с фиксирана дължина
fixed length control field 180409b bul|||||r ||||||| ||bul||
010 ## - Наследен системен номер
LC control number KNG00128230000
020 ## - Международен стандартен номер на книга ISBN
Международен стандартен номер на книга ISBN 9786197507065
040 ## - Източник на каталожния запис
Идентификатор на билиотеката - собственик на записа BLK
041 ## - Код за език
Код за езика на текст/звукозапис или на отделно заглавие Български
Код за езика КДБФ Български
080 ## - УДК
Текстов определител УДК Руски език
УДК код - определител по УДК 811.161.1
УДК определител (079+079.034)
УДК - код + определител 811.161.1(079+079.034)
100 ## - Редна дума - Автор
Автор Табакова, Невена Росенова
Авторска отговорност първи автор
R(LIN) 435072
139 ## - Редно поле
Редна дума Табакова, Невена Росенова и др.
Авторски знак Та - Т 12
245 10 - Сведения за заглавието
Заглавие Ни пуха ни пера
Подзаглавни данни Тестове и обучителни задачи по руски език
Редно поле (дума) Невена Табакова, Милена Стойкова
257 ## - Страна на издаване
Страна на създаване/издаване България
260 ## - Област на издателските данни
Място на издаване, разпространение и проч. София
Име на издателя, разпространителя и проч. Екрие
Година на издаване 2019
9 (RLIN) 401270
Печатница ([София] : [Инвестпрес])
300 ## - Физическа характеристика
Страници 184 с.
Илюстрации и др. с ил., табл.
Размери/Мащаб 24 см
Съпровождащи материали CD + прил. с ключ
380 ## - Жанр
Жанр Езикознание. Филология
490 ## - СЕРИИ (Колекции)
9 (RLIN) 435074
Име на серия Научи с Ecrier
500 ## - Общи забележки
Забележка Загл. на гърба на кн.: Тестове и обучителни задачи по руски език. - За авт.: с. 8<br/>Текст и на бълг. ез.Вкл. прил. с отговори за за тестовете
650 #0 - Допълнително описание по предмет – тема
Основно описание – тема или топоним Руски език - тестове
9 (RLIN) 259117
653 ## - Ключова дума – ненормативна
Ключова дума руски език
653 #7 - Ключова дума – ненормативна
Ключова дума тестове
9 (RLIN) 198264
653 #7 - Ключова дума – ненормативна
Ключова дума тестови задачи
9 (RLIN) 198265
700 ## - Други автори (авторска отговорност)
9 (RLIN) 435075
Лично име Стойкова, Милена Иванова
Автороска отговорност (Описва отношението между автора и произведението) съавт.
852 ## - Местоположение
Форматна сигнатура Цб
Фондова буква ЧЧЗО - англ. ез. - Британски съвет
852 ## - Местоположение
Форматна сигнатура Цб 304053
Фондова буква Хранилище
856 4# - Електронен адрес и достъп
Електронен формат pdf - файл
856 4# - Електронен адрес и достъп
Електронен формат pdf - файл
999 ## - СИСТЕМНИ КОНТРОЛНИ НОМЕРА
Koha biblionumber 348293
Koha biblioitemnumber 348293
942 ## - АРТИКУЛИ
Вид на библиотечния материал Книги
Скрит в OPAC Не
Периодичен библиозапис Да
944 ## - СЪЗДАВАНЕ И РЕДАКЦИЯ на ЗАПИСА
Създаване/Редакция Създаване
Дата на регистрацията/редакция 2020-01-28
Статус, дата на статуса 2020-01-28
Служител, извършил регистрацията/редакцията К.Д.
944 ## - СЪЗДАВАНЕ И РЕДАКЦИЯ на ЗАПИСА
Създаване/Редакция Редакция
Дата на регистрацията/редакция 2020-10-07
Служител, извършил регистрацията/редакцията ГГГ
999 ## - СИСТЕМНИ КОНТРОЛНИ НОМЕРА
Koha biblioitemnumber 348293
999 ## - СИСТЕМНИ КОНТРОЛНИ НОМЕРА
Koha biblioitemnumber 348293
999 ## - СИСТЕМНИ КОНТРОЛНИ НОМЕРА
Koha biblioitemnumber 122588
Наличности
Код за отписване Код за изгубен артикул Източник на класификационната схема Код за повреда Коз за рестрикции Код за отдаване Артикулен № Име на библиотеката - собственик Име на библиотеката, в която се намира в момента Статус (Текущо местоположение) Дата на вписване в системата Местоположение - отдел Цена в лева Систематично азбучна сигнатура Баркод Цена в евро Служебен тип на артикула
  Не е изгубен Universal Decimal Classification Не е повреден само за читалня ползва се в читалня 754708 Регионална библиотека "Любен Каравелов" Русе Регионална библиотека "Любен Каравелов" Русе ЧЧЗО - англ. ез. - Британски съвет 2020-01-28 ЧЧЗО - англ. ез. - Британски съвет 13.50 Ч3 808.2/Т 12 120000842004 6.90 Книги
  Не е изгубен Universal Decimal Classification Не е повреден само за читалня ползва се в читалня 802744 Регионална библиотека "Любен Каравелов" Русе Регионална библиотека "Любен Каравелов" Русе Хранилище 2020-10-06 Хранилище 18.00 Цб 304053 120000848897 9.20 Книги
Vip Innovations Ltd, Rousse, Bulgaria 2025